000 00401nam a2200145 i 4500
001 50031
003 ES-MaACL
005 20230906162115.0
007 t|
008 030729s1963 sp ||||1| spa d
245 0 0 _a¿Crimen o castigo?
_b: documentos inéditos sobre Julián Grimau García.
260 _a[Madrid :
_bs.n,
_c1963]
300 _a124 p. ;
_c28 cm.
852 _aES-MaACL
_jC-24269
_bR.52457
999 _c50031
_d50031